000 00223nam a2200097Ia 4500
005 20251222114357.0
008 251222s1900||||xx |||||||||||||| ||spa||
082 _aDVD0150/Z57/1997
245 0 _aJesús de Nazaret:
942 _cDVD
999 _c1464
_d1464